| Tag |
First Indicator |
Second Indicator |
Subfields |
| LEADER |
00000cam a2200000 a 4500 |
| 001 |
in00002475813 |
| 005 |
20200808063129.0 |
| 008 |
080902s2008 onc b 001 0deng |
| 016 |
|
|
|a 20089052005
|
| 020 |
|
|
|a 9780888447319 (pbk.)
|
| 020 |
|
|
|a 0888447310 (pbk.)
|
| 029 |
0 |
|
|a NLC
|b 20089052005
|
| 035 |
|
|
|a (OCoLC)ocn275840917
|
| 035 |
|
|
|a (OCoLC)275840917
|
| 040 |
|
|
|a NLC
|b eng
|c NLC
|d YDXCP
|d CDX
|d UtOrBLW
|
| 041 |
1 |
|
|a eng
|h fre
|
| 043 |
|
|
|a e-fr---
|
| 049 |
|
|
|a TXAM
|
| 050 |
|
4 |
|a B2430.G41
|b M28 2008
|
| 055 |
0 |
2 |
|a B2430*
|
| 055 |
|
0 |
|a B2430 G41
|b M28 2008
|
| 055 |
0 |
0 |
|a B2430 G474
|b A33 2008
|
| 082 |
0 |
|
|a 194
|2 22
|
| 100 |
1 |
|
|a Gilson, Étienne,
|d 1884-1978.
|
| 245 |
1 |
0 |
|a Three quests in philosophy /
|c Etienne Gilson ; edited by Armand Maurer ; foreword by James K. Farge.
|
| 264 |
|
1 |
|a Toronto :
|b Pontifical Institute of Mediaeval Studies,
|c [2008]
|
| 264 |
|
4 |
|c ©2008
|
| 300 |
|
|
|a xi, 145 pages ;
|c 23 cm.
|
| 336 |
|
|
|a text
|b txt
|2 rdacontent
|
| 337 |
|
|
|a unmediated
|b n
|2 rdamedia
|
| 338 |
|
|
|a volume
|b nc
|2 rdacarrier
|
| 490 |
1 |
|
|a The Etienne Gilson series,
|x 0708-319X ;
|v 31
|
| 500 |
|
|
|a The education of a philosopher first published in French under title: Réflexions sur l'éducation philosophique. Translated by James K. Farge.
|
| 504 |
|
|
|a Includes bibliographical references and index.
|
| 650 |
|
0 |
|a Philosophy.
|
| 650 |
|
0 |
|a Species
|x Philosophy.
|
| 650 |
|
0 |
|a Matter
|x Philosophy.
|
| 650 |
|
0 |
|a Philosophy and science.
|
| 600 |
1 |
0 |
|a Gilson, Étienne,
|d 1884-1978.
|
| 650 |
|
0 |
|a Philosophers
|z France
|v Biography.
|
| 650 |
|
6 |
|a Philosophie.
|
| 650 |
|
6 |
|a Espèces (Biologie)
|x Philosophie.
|
| 650 |
|
6 |
|a Matière
|x Philosophie.
|
| 650 |
|
6 |
|a Philosophie et sciences.
|
| 600 |
1 |
6 |
|a Gilson, Étienne,
|d 1884-1978.
|
| 650 |
|
6 |
|a Philosophes
|z France
|v Biographies.
|
| 700 |
1 |
|
|a Farge, James K.,
|d 1938-
|
| 700 |
1 |
|
|a Maurer, Armand A.
|q (Armand Augustine),
|d 1915-2008.
|
| 700 |
1 |
|
|a Gilson, Etienne,
|d 1884-1978.
|t Education of a philosopher.
|
| 700 |
1 |
|
|a Gilson, Etienne,
|d 1884-1978.
|t In quest of species.
|
| 700 |
1 |
|
|a Gilson, Etienne,
|d 1884-1978.
|t In quest of matter.
|
| 710 |
2 |
|
|a Pontifical Institute of Mediaeval Studies.
|
| 830 |
|
0 |
|a Etienne Gilson series ;
|v 31.
|
| 938 |
|
|
|a YBP Library Services
|b YANK
|n 2888327
|
| 938 |
|
|
|a Coutts Information Services
|b COUT
|n 9103720
|
| 945 |
|
|
|a PromptCat
|b 576794
|
| 946 |
|
|
|a stk
|
| 947 |
|
|
|a A14837408414
|
| 994 |
|
|
|a 92
|b TXA
|
| 948 |
|
|
|a cataloged
|b h
|d 2008/12/16
|h c
|e asalazar
|f 2:55:53 pm
|
| 999 |
|
|
|a MARS
|
| 999 |
f |
f |
|s 4fa21964-c535-3658-95c7-a70433af4527
|i 05592926-3b5a-3c69-9b4a-0ebbf2239d00
|t 0
|
| 952 |
f |
f |
|p normal
|a Texas A&M University
|b College Station
|c Sterling C. Evans Library
|d Evans: Library Stacks
|t 0
|e B2430.G41 M28 2008
|h Library of Congress classification
|i unmediated -- volume
|m A14837408414
|
| 998 |
f |
f |
|a B2430.G41 M28 2008
|t 0
|l Evans: Library Stacks
|